Исследование энергетических характеристик аккумуляторной батареи VENTURA GPL 12-100; Энергетика: эффективность, надежность, безопасность; Т. 1
| Parent link: | Энергетика: эффективность, надежность, безопасность: материалы XXI Всероссийской научно-технической конференции, 2-4 декабря 2015 г., Томск/ Национальный исследовательский Томский политехнический университет (ТПУ) [и др.] ; ред. кол. В. В. Литвак [и др.].— , 2015 Т. 1.— 2015.— [С. 195-198] |
|---|---|
| Päätekijä: | |
| Yhteisötekijä: | |
| Muut tekijät: | |
| Yhteenveto: | Заглавие с титульного экрана |
| Kieli: | venäjä |
| Julkaistu: |
2015
|
| Sarja: | Эффективность электроэнергетических установок и систем |
| Aiheet: | |
| Linkit: | http://earchive.tpu.ru/handle/11683/14771 http://www.lib.tpu.ru/fulltext/c/2015/C15/V1/078.pdf |
| Aineistotyyppi: | MixedMaterials Elektroninen Kirjan osa |
| KOHA link: | https://koha.lib.tpu.ru/cgi-bin/koha/opac-detail.pl?biblionumber=616551 |
MARC
| LEADER | 00000naa2a2200000 4500 | ||
|---|---|---|---|
| 001 | 616551 | ||
| 005 | 20240130105934.0 | ||
| 035 | |a (RuTPU)RU\TPU\conf\14802 | ||
| 090 | |a 616551 | ||
| 100 | |a 20160111d2015 k y0rusy50 ca | ||
| 101 | 0 | |a rus | |
| 102 | |a RU | ||
| 105 | |a y z 101zy | ||
| 135 | |a drgn ---uucaa | ||
| 181 | 0 | |a i | |
| 182 | 0 | |a b | |
| 200 | 1 | |a Исследование энергетических характеристик аккумуляторной батареи VENTURA GPL 12-100 |f Д. В. Игнатьев, М. А. Сурков | |
| 203 | |a Текст |c электронный | ||
| 225 | 1 | |a Эффективность электроэнергетических установок и систем | |
| 300 | |a Заглавие с титульного экрана | ||
| 320 | |a [Библиогр.: с. 198 (2 назв.)] | ||
| 337 | |a Adobe Reader | ||
| 461 | 1 | |0 (RuTPU)RU\TPU\conf\14426 |t Энергетика: эффективность, надежность, безопасность |o материалы XXI Всероссийской научно-технической конференции, 2-4 декабря 2015 г., Томск |o в 2 т. |f Национальный исследовательский Томский политехнический университет (ТПУ) [и др.] ; ред. кол. В. В. Литвак [и др.] |d 2015 | |
| 463 | 0 | |0 (RuTPU)RU\TPU\conf\14432 |t Т. 1 |v [С. 195-198] |d 2015 | |
| 610 | 1 | |a труды учёных ТПУ | |
| 610 | 1 | |a электронный ресурс | |
| 610 | 1 | |a энергетические характеристики | |
| 610 | 1 | |a аккумуляторные батареи | |
| 610 | 1 | |a электропитание | |
| 700 | 1 | |a Игнатьев |b Д. В. | |
| 701 | 1 | |a Сурков |b М. А. |c специалист в области электроэнергетики |c доцент Томского политехнического университета, кандидат технических наук |f 1980- |g Михаил Александрович |3 (RuTPU)RU\TPU\pers\26442 |9 12145 | |
| 712 | 0 | 2 | |a Национальный исследовательский Томский политехнический университет (ТПУ) |b Энергетический институт (ЭНИН) |b Кафедра электроснабжения промышленных предприятий (ЭПП) |3 (RuTPU)RU\TPU\col\18676 |
| 801 | 2 | |a RU |b 63413507 |c 20210127 |g RCR | |
| 856 | 4 | |u http://earchive.tpu.ru/handle/11683/14771 | |
| 856 | 4 | |u http://www.lib.tpu.ru/fulltext/c/2015/C15/V1/078.pdf | |
| 942 | |c BK | ||